| 000 | 00422nam a2200133Ia 4500 | ||
|---|---|---|---|
| 008 | 170221s9999 xx 000 0 und d | ||
| 100 | _aIndika Karunanayake | ||
| 245 | _aGDP Growth and the Interdependency of Volatility Spillovers | ||
| 245 | _cIndika Karunanayake, Abbas Valadkhani, and Martin O’Brien | ||
| 260 | _c2013 | ||
| 300 | _a12 : | ||
| 650 | _xBusiness | ||
| 856 | _uhttp://ro.uow.edu.au/aabfj/vol6/iss1/14/ | ||
| 999 |
_c313346 _d313346 |
||